000 00447nam a2200181Ia 4500
003 OSt
005 20220702101401.0
008 210210b1917 xxu||||| |||| 00| 0 eng d
040 _cAL
041 _aeng
082 _a335/285
100 _aSARKAR (J)
_946664
245 _aEconomics of British India
260 _aCalcutta
_bM C Sarkar & Sons Private Limited
_c1911
690 _aIndian Economics
_946665
906 _a004628
942 _2ddc
_cBK
999 _c126875
_d126875